Huellas de Derrida: ensayos pedagógicos no solicitados
Guardat en:
| Autors principals: | , |
|---|---|
| Format: | Llibre |
| Idioma: | espanyol |
| Publicat: |
Buenos Aires
Del Estante
2005
|
| Edició: | 1a. ed |
| Col·lecció: | Improntas
|
| Matèries: | |
| Etiquetes: |
Afegir etiqueta
Sense etiquetes, Sigues el primer a etiquetar aquest registre!
|
MARC
| LEADER | 00000cam a2200000 a 4500 | ||
|---|---|---|---|
| 001 | UCC0489 | ||
| 003 | CL-VaPUC | ||
| 008 | 170818e20050000ag |||||||||||||||||spa|d | ||
| 020 | |a 9789872195420 | ||
| 082 | 0 | 4 | |a 370.19 |b SKL |2 21 |
| 100 | 0 | |a Skliar, Carlos |e author |9 594465 | |
| 700 | 0 | |a Frigerio, Graciela |e author |9 594466 | |
| 245 | 1 | 0 | |a Huellas de Derrida: ensayos pedagógicos no solicitados |
| 250 | |a 1a. ed | ||
| 300 | |a 152 p | ||
| 942 | |c BK | ||
| 945 | |d 20170818 15:36:00 |a dcastane | ||
| 260 | |a Buenos Aires |b Del Estante |c 2005 | ||
| 650 | 0 | |a Sociología de la educación |9 260380 | |
| 583 | |a last modification |c 20170818 15:36:00 |k Rodrigo Vera | ||
| 490 | 0 | |a Improntas | |
| 999 | |c 369318 |d 369316 | ||
| 952 | |0 0 |1 0 |3 erb |4 0 |6 370_190000000000000_SKL_2005 |7 0 |8 A |9 485067 |a BIBEDU |b BIBEDU |i 541461K |o 370.19 SKL 2005 |p 541461K |r 2019-11-24 |w 2019-11-24 |y BK |z Catalogado en:20170818 |k PSI | ||